000 00375nam a2200157Ia 4500
008 210210b1961 xxu||||| |||| 00| 0 eng d
041 _aeng
082 _a536/99
100 _aPOWELL (John L)
245 _aQuantum mechanics
260 _aLondon
_bAddison Wesley Longman
_c1961
650 _aQuantum
650 _amechanics
690 _aModern Physics
906 _a008897
999 _c126768
_d126768